Detalles MARC
| 000 -LEADER |
| longitud fija campo de control |
01290nam a22003857a 4500 |
| 003 - IDENTIFICADOR DE NUMERO DE CONTROL |
| control del campo |
AR-RoUNA |
| 005 - FECHA DE LA ULTIMA MODIFICACION |
| control del campo |
20260320105608.0 |
| 008 - CAMPO DE CONTROL - LIBROS |
| longitud fija campo de control |
260320b |||||||| |||| 00| 0 spa d |
| 040 ## - ORIGEN DE LA CATALOGACION |
| Agencia que cataloga la obra original |
AR-RoUNA |
| Idioma en que se cataloga |
spa |
| Entidad que modifico el registro |
AR-RoUNA |
| 041 ## - CODIGO DE IDIOMA |
| Codigo de idioma del texto / sonido o titulo separado |
spa |
| Codigo de idioma de la traduccion original y / o intermedios de texto |
spa |
| 044 ## - CODIGO DE PAIS / ENTIDAD PRODUCTORA |
| Codigo MARC del pais |
ag |
| 245 10 - TITULO PROPIAMENTE DICHO |
| Titulo |
Ruinas jesuiticas de San Ignacio Mini / |
| 260 ## - EDITORIAL - PUBLICACION, DISTRIBUCION, ETC. (Pie de imprenta) |
| Lugar de publicacion, distribucion, etc |
Buenos Aires, Argentina : |
| Nombre del editor, distribuidor, etc |
Producciones Graficas Boffi y Gonzalez, |
| Fecha de publicacion |
[s.f.] |
| 300 ## - DESCRIPCION FISICA |
| Extension |
32 paginas con ilustraciones |
| Otros detalles fisicos |
fot. col., |
| Dimensiones |
27x18 cm |
| 505 0# - NOTA DE CONTENIDO CON FORMATO |
| Título |
CONTENIDO |
| 505 0# - NOTA DE CONTENIDO CON FORMATO |
| Título |
Introduccion |
| 505 0# - NOTA DE CONTENIDO CON FORMATO |
| Título |
La compañia de Jesus |
| 505 0# - NOTA DE CONTENIDO CON FORMATO |
| Título |
Las Misiones Jesuiticas |
| 505 0# - NOTA DE CONTENIDO CON FORMATO |
| Título |
El gobierno civil |
| 505 0# - NOTA DE CONTENIDO CON FORMATO |
| Título |
La organizacion economica |
| 505 0# - NOTA DE CONTENIDO CON FORMATO |
| Título |
La destruccion de San Ignacio Mini |
| 505 0# - NOTA DE CONTENIDO CON FORMATO |
| Título |
Historia de la reduccion de San Ignacio Mini |
| 505 0# - NOTA DE CONTENIDO CON FORMATO |
| Título |
El pueblo de la reduccion de San Ignacio de San Ignacio Mini |
| 505 0# - NOTA DE CONTENIDO CON FORMATO |
| Título |
El templo de San Ignacio Mini |
| 650 #4 - MATERIA - TERMINO TEMATICO |
| Término temático general |
Arquitectura jesuitica |
| 650 #4 - MATERIA - TERMINO TEMATICO |
| Término temático general |
Historia de la cultura |
| 650 #4 - MATERIA - TERMINO TEMATICO |
| Término temático general |
Pueblos originarios |
| 650 #4 - MATERIA - TERMINO TEMATICO |
| Término temático general |
Aborigenes argentinos |
| 651 #4 - MATERIA - NOMBRE GEOGRAFICO |
| Termino geografico |
San Ignacio, Misiones, Argentina |
| 9 (RLIN) |
27658 |
| 908 ## - SOPORTE |
| Soporte |
Imp |
| 930 ## - ACCESION |
| Numero de accesion (NR) |
12310 |
| 942 ## - FUENTE DE CLASIFICACION |
| Clasificacion |
Dewey Decimal Classification |
| Tipo de item |
Libro |
| 945 ## - INFORMACION DE PROCESAMIENTO |
| Codigo del operador |
MIA |
| Fecha de ingreso o modificacion |
2026-03-20 |
| 980 ## - DECLARACIÓN DE EQUIVALENCIA O SERIE DE REFERENCIA CRUZADA - NOMBRE / TÍTULO PERSONAL [LOCAL, CANADÁ] |
| Código del operador |
1 |
| Nombre del operador |
Maricel Allasia |
| Código del operador que modifico el registro |
1 |
| Nombre del operador que modifico el registro |
Maricel Allasia |